[Event "Titled Tuesday intern op 02nd Apr Early"]
[Site "Chess.com INT"]
[Date "2024.04.02"]
[Round "11"]
[White "Altynbek, Aiaru"]
[Black "Escudero Donoso, Felipe"]
[Result "0-1"]
[WhiteElo "1869"]
[BlackElo "2035"]
[PlyCount "92"]
[EventDate "2024.04.02"]
[EventType "swiss (blitz)"]
[EventRounds "11"]
[EventCountry "USA"]
[SourceTitle "CB15_2024"]
[SourceDate "2024.04.10"]
[SourceVersion "1"]
[SourceVersionDate "2024.04.10"]
[SourceQuality "1"]

1. d4 d5 2. c4 e6 3. Nf3 c5 4. cxd5 exd5 5. g3 Nc6 6. Bg2 Nf6 7. 0-0 Be7 8. Nc3 0-0 9. Bf4 c4 10. Nb5 a6 11. Nc7 Ra7 12. b3 Bd6 13. Nxd5 Nxd5 14. Bxd6 Qxd6 15. bxc4 Nf6 16. d5 Ne5 17. Qd4 Nxf3+ 18. Bxf3 b6 19. e4 Re8 20. Rfe1 Nd7 21. Bg2 f6 22. Kh1 Qc5 23. Qb2 Qxc4 24. Rac1 Qb5 25. Qd4 Nc5 26. Rb1 Qa5 27. Rec1 Rae7 28. f3 h6 29. Bf1 Qxa2 30. d6 Rd7 31. Bc4+ Qxc4 32. Rxc4 Kh7 33. Rxb6 Ne6 34. Qd3 a5 35. e5+ Kh8 36. exf6 gxf6 37. Rb5 Ba6 38. Rxa5 Bxc4 39. Qxc4 Rxd6 40. Qc3 Kg7 41. Ra7+ Kg6 42. Qc2+ f5 43. Qc3 Red8 44. Kg2 Rd2+ 45. Kh3 Ng5+ 46. Kh4 Rxh2# 0-1

[Event "Titled Tuesday intern op 02nd Apr Early"]
[Site "Chess.com INT"]
[Date "2024.04.02"]
[Round "1"]
[White "Altynbek, Aiaru"]
[Black "Pavlov, Denis"]
[Result "1/2-1/2"]
[WhiteElo "1869"]
[BlackElo "2296"]
[PlyCount "156"]
[EventDate "2024.04.02"]
[EventType "swiss (blitz)"]
[EventRounds "11"]
[EventCountry "USA"]
[SourceTitle "CB15_2024"]
[SourceDate "2024.04.10"]
[SourceVersion "1"]
[SourceVersionDate "2024.04.10"]
[SourceQuality "1"]

1. d4 Nf6 2. c4 g6 3. Nc3 d5 4. cxd5 Nxd5 5. e4 Nxc3 6. bxc3 Bg7 7. Nf3 c5 8. Be3 Nc6 9. Be2 cxd4 10. cxd4 Qa5+ 11. Qd2 Qxd2+ 12. Kxd2 0-0 13. Rhc1 Rd8 14. Rc4 Be6 15. Ra4 Bg4 16. Rb1 Bxf3 17. Bxf3 Nxd4 18. Bxd4 Bxd4 19. Rxb7 Bxf2+ 20. Ke2 Bc5 21. Rc4 Rac8 22. e5 Kf8 23. Bg4 e6 24. Rf4 f5 25. exf6 Rd4 26. Rxd4 Bxd4 27. Bxe6 Re8 28. Rf7+ Kg8 29. Rg7+ Kh8 30. Re7 Rf8 31. f7 Kg7 32. Re8 Bc5 33. Kd3 Kf6 34. Kc4 Bg1 35. Kd5 Kg7 36. Kc6 Bxh2 37. Kd7 Bg1 38. Ke7 Bc5+ 39. Kd7 h5 40. Bd5 g5 41. Ke6 Ba3 42. Kf5 Bc1 43. Bb3 Bd2 44. Ke4 Bc1 45. Kf5 Bf4 46. Ke6 Bc1 47. Ke7 Ba3+ 48. Ke6 h4 49. Kd7 Bc1 50. Ke6 g4 51. Kf5 h3 52. gxh3 gxh3 53. Bd5 h2 54. Kg4 Rxf7 55. Re1 Rf2 56. Rxc1 Rd2 57. Be4 Rxa2 58. Bf3 Kf6 59. Rh1 a5 60. Kg3 Kg5 61. Bg2 a4 62. Rxh2 Ra3+ 63. Kf2 Ra2+ 64. Kg1 Kf4 65. Rh4+ Kg3 66. Rb4 Ra1+ 67. Bf1 a3 68. Rb3+ Kf4 69. Rb4+ Ke3 70. Rb3+ Kd4 71. Kf2 a2 72. Ra3 Kc5 73. Ra8 Kb4 74. Ke2 Kc3 75. Bg2 Kb2 76. Bd5 Kb1 77. Bxa2+ Rxa2+ 78. Rxa2 Kxa2 1/2-1/2

[Event "Titled Tuesday intern op 02nd Apr Early"]
[Site "Chess.com INT"]
[Date "2024.04.02"]
[Round "4"]
[White "Mei, Austin"]
[Black "Altynbek, Aiaru"]
[Result "1-0"]
[WhiteElo "2280"]
[BlackElo "1869"]
[PlyCount "167"]
[EventDate "2024.04.02"]
[EventType "swiss (blitz)"]
[EventRounds "11"]
[EventCountry "USA"]
[SourceTitle "CB15_2024"]
[SourceDate "2024.04.10"]
[SourceVersion "1"]
[SourceVersionDate "2024.04.10"]
[SourceQuality "1"]

1. e4 c6 2. d4 d5 3. f3 dxe4 4. fxe4 e5 5. Nf3 Bg4 6. c3 Nd7 7. Bd3 Ngf6 8. 0-0 Bd6 9. Nbd2 0-0 10. Qc2 Re8 11. h3 Bh5 12. a4 a5 13. Nc4 Bc7 14. Bg5 b5 15. axb5 cxb5 16. Ncxe5 Nxe5 17. Nxe5 Bxe5 18. dxe5 Rxe5 19. Bf4 Qb6+ 20. Kh1 Ree8 21. e5 Nd5 22. Bxh7+ Kh8 23. Be4 Nxf4 24. Bxa8 Ne2 25. Bf3 Ng3+ 26. Kh2 Nxf1+ 27. Rxf1 Bxf3 28. Rxf3 Rxe5 29. Rxf7 Qd6 30. Kg1 Re1+ 31. Rf1 Qc5+ 32. Qf2 Rxf1+ 33. Kxf1 Qc4+ 34. Qe2 Qb3 35. Kg1 a4 36. Qe8+ Kh7 37. Qe4+ Kh8 38. Qb4 Qd1+ 39. Kh2 Qd5 40. h4 Qe5+ 41. Kh3 Qf5+ 42. Qg4 Qd3+ 43. Qg3 Qf5+ 44. Kh2 Qd5 45. Qf2 Qe5+ 46. g3 Qd5 47. Kh3 Qe6+ 48. Kg2 Qd5+ 49. Qf3 Qb3 50. Qe2 Qd5+ 51. Kf2 Qc5+ 52. Qe3 Qd5 53. Ke2 Qc4+ 54. Kd2 Qb3 55. Qe8+ Kh7 56. Qe4+ Kh8 57. Qb4 Qd5+ 58. Qd4 Qb3 59. Kc1 a3 60. Qd8+ Kh7 61. Qd3+ Kh8 62. bxa3 Qxa3+ 63. Kd2 Qa2+ 64. Qc2 Qc4 65. Qd3 Qa2+ 66. Ke3 Qe6+ 67. Kf3 Qf7+ 68. Kg2 Qb7+ 69. Kh2 Qc6 70. h5 Qc5 71. Qf3 Qc4 72. g4 Qc5 73. Kh3 Qc4 74. g5 b4 75. cxb4 Qxb4 76. g6 Qb8 77. Qf7 Qc8+ 78. Kh4 Qd8+ 79. Kg4 Qd4+ 80. Qf4 Qd7+ 81. Qf5 Qd4+ 82. Kg3 Qc3+ 83. Qf3 Qc6 84. Qf8# 1-0

[Event "Titled Tuesday intern op 02nd Apr Early"]
[Site "Chess.com INT"]
[Date "2024.04.02"]
[Round "7"]
[White "Trakru, Rohun"]
[Black "Altynbek, Aiaru"]
[Result "1-0"]
[WhiteElo "1969"]
[BlackElo "1869"]
[PlyCount "131"]
[EventDate "2024.04.02"]
[EventType "swiss (blitz)"]
[EventRounds "11"]
[EventCountry "USA"]
[SourceTitle "CB15_2024"]
[SourceDate "2024.04.10"]
[SourceVersion "1"]
[SourceVersionDate "2024.04.10"]
[SourceQuality "1"]

1. e4 c6 2. d4 d5 3. exd5 cxd5 4. Nf3 Nc6 5. Ne5 a6 6. Nxc6 bxc6 7. c4 Nf6 8. Be2 g6 9. 0-0 Bg7 10. Bf3 0-0 11. Nc3 a5 12. Bf4 Ba6 13. cxd5 Bxf1 14. dxc6 Ba6 15. c7 Qd7 16. Bxa8 Rxa8 17. Qf3 Rc8 18. Be5 Nh5 19. Bxg7 Nxg7 20. Nd5 Bb7 21. Nxe7+ Qxe7 22. Qxb7 Qxc7 23. Qxc7 Rxc7 24. d5 Nf5 25. g3 Kf8 26. Rb1 Rc5 27. b4 axb4 28. Rxb4 Rxd5 29. Ra4 Ke7 30. h4 Rd4 31. Ra7+ Kf6 32. a4 Nd6 33. a5 Ra4 34. Kg2 Ke6 35. Ra6 Kd5 36. h5 gxh5 37. Ra7 Kc6 38. Ra6+ Kc7 39. Ra7+ Kc6 40. Ra6+ Kc5 41. Ra8 Kb5 42. Rh8 Rxa5 43. Rxh7 Kc6 44. Rh6 Kd7 45. Rf6 Ke7 46. Rf4 Rf5 47. Rb4 Kf6 48. Rb6 Rd5 49. Ra6 Kg5 50. Ra4 Nf5 51. Kf3 Rd3+ 52. Ke2 Rd4 53. Ra5 Re4+ 54. Kf3 Re6 55. Kg2 f6 56. Rb5 Re5 57. Rb4 Ng7 58. f4+ Kf5 59. fxe5 fxe5 60. Kf3 Ne6 61. Rb8 Nd4+ 62. Ke3 Nc2+ 63. Kd2 Nd4 64. Rg8 Nf3+ 65. Ke3 Nd4 66. Rh8 1-0

[Event "Wch Rapid (Women)"]
[Site "Samarkand"]
[Date "2023.12.28"]
[Round "11"]
[White "Altynbek, Aiaru"]
[Black "Kazarian, Anna Maja"]
[Result "1/2-1/2"]
[WhiteElo "1681"]
[BlackElo "2204"]
[PlyCount "306"]
[EventDate "2023.12.26"]
[EventType "swiss (rapid)"]
[EventRounds "11"]
[EventCountry "UZB"]
[SourceTitle "CB01_2024"]
[SourceDate "2024.01.03"]
[SourceVersion "1"]
[SourceVersionDate "2024.01.03"]
[SourceQuality "1"]

1. d4 d5 2. c4 c6 3. Nf3 Nf6 4. g3 g6 5. Bg2 Bg7 6. 0-0 0-0 7. Nc3 Nbd7 8. cxd5 cxd5 9. Bf4 a6 10. Ne5 e6 11. Nd3 Nb6 12. Nc5 Re8 13. Rc1 Nh5 14. Be5 Bxe5 15. dxe5 Nc4 16. Qd4 Nxb2 17. Nxd5 exd5 18. Qxb2 b6 19. Na4 Rb8 20. Rfd1 Be6 21. Nc3 Rc8 22. Nxd5 Rxc1 23. Qxc1 Bxd5 24. Bxd5 Qe7 25. f4 Rd8 26. Qc4 b5 27. Qc6 Ng7 28. e4 Ne6 29. f5 Ng5 30. fxg6 Nf3+ 31. Kg2 Nxe5 32. gxf7+ Kg7 33. Qc3 Kg6 34. Rf1 b4 35. Qd4 Rf8 36. Rf5 Nxf7 37. Qb6+ Kg7 38. Qxa6 Ne5 39. Qb7 Qxb7 40. Bxb7 Re8 41. Bd5 h6 42. Rf1 Ng4 43. Rf7+ Kg6 44. Rb7 Rf8 45. Rxb4 Ne3+ 46. Kh3 Rf2 47. Rb6+ Kg5 48. Rb5 Kg6 49. e5 h5 50. Be4+ Kg7 51. Rb7+ Kf8 52. Rb3 Ng4 53. Rf3+ Kg7 54. Kh4 Rxh2+ 55. Kg5 Nxe5 56. Rb3 Nf7+ 57. Kf5 Rf2+ 58. Rf3 Rxa2 59. Bd5 Ra5 60. Rd3 Rc5 61. Ke6 Ng5+ 62. Ke7 Kg6 63. Bg8 Rc7+ 64. Kd6 Rc8 65. Bd5 Kf5 66. Re3 Rd8+ 67. Kc5 Kg4 68. Ra3 Rf8 69. Kd4 Nf3+ 70. Ke3 Kxg3 71. Ke2 Re8+ 72. Kd1 Re1+ 73. Kc2 Re2+ 74. Kd3 Rf2 75. Ke4 h4 76. Be6 Re2+ 77. Re3 Rf2 78. Bd7 Kg2 79. Kf4 Ng1+ 80. Kg5 Nf3+ 81. Kf4 Ng1+ 82. Kg5 h3 83. Bxh3+ Nxh3+ 84. Kg4 Rf4+ 85. Kh5 Rf5+ 86. Kg4 Rg5+ 87. Kh4 Rg8 88. Re5 Kf3 89. Ra5 Nf2 90. Rf5+ Ke3 91. Re5+ Kf4 92. Ra5 Ne4 93. Kh5 Ng3+ 94. Kh6 Nf5+ 95. Kh7 Rg7+ 96. Kh8 Rb7 97. Kg8 Kg5 98. Kf8 Kf6 99. Ra6+ Ke5 100. Ra5+ Ke6 101. Ra6+ Nd6 102. Kg8 Rd7 103. Ra1 Kf6 104. Ra6 Kg6 105. Kf8 Rf7+ 106. Kg8 Rf6 107. Ra1 Nf7 108. Kf8 Re6 109. Rg1+ Ng5 110. Rg2 Re1 111. Rg4 Kf5 112. Ra4 Kf6 113. Rf4+ Kg6 114. Rg4 Re6 115. Rg1 Re4 116. Rg2 Kh6 117. Rh2+ Kg6 118. Rg2 Kf6 119. Rf2+ Ke6 120. Kg7 Rg4 121. Kh6 Ne4 122. Rf1 Ng3 123. Ra1 Nf5+ 124. Kh5 Rg2 125. Ra6+ Nd6 126. Rc6 Ke5 127. Rc5+ Kf4 128. Kh6 Nf7+ 129. Kh7 Ng5+ 130. Kh6 Ne6 131. Rc4+ Kf5 132. Kh7 Nf8+ 133. Kh6 Rg6+ 134. Kh5 Ne6 135. Ra4 Rg7 136. Ra5+ Kf6 137. Ra6 Rg2 138. Kh4 Ke5 139. Ra5+ Ke4 140. Ra4+ Nd4 141. Rc4 Kd3 142. Rc8 Nf5+ 143. Kh5 Ke4 144. Rc4+ Kd5 145. Ra4 Nd6 146. Ra5+ Ke6 147. Ra6 Kf5 148. Ra5+ Kf4 149. Ra4+ Ne4 150. Kh6 Kf5 151. Ra5+ Ke6 152. Ra6+ Nd6 153. Rc6 Ke5 1/2-1/2

[Event "Wch U12 Girls blitz"]
[Site "Batumi"]
[Date "2023.06.11"]
[Round "7"]
[White "Altynbek, Aiaru"]
[Black "Aydogan, Arya"]
[Result "1-0"]
[WhiteElo "1541"]
[BlackElo "1452"]
[PlyCount "91"]
[EventDate "2023.06.10"]
[EventType "swiss (blitz)"]
[EventRounds "11"]
[EventCountry "GEO"]
[SourceTitle "EXT 2024"]
[Source "ChessBase"]
[SourceDate "2023.10.10"]
[SourceVersion "1"]
[SourceVersionDate "2023.10.10"]
[SourceQuality "1"]
[WhiteTeam "Kazakhstan"]
[BlackTeam "Turkey"]
[WhiteTeamCountry "KAZ"]
[BlackTeamCountry "TUR"]

1. d4 d5 2. c4 e6 3. Nf3 a6 4. cxd5 exd5 5. Nc3 c6 6. Bg5 Be7 7. Bxe7 Nxe7 8. e3 Bf5 9. Bd3 Bxd3 10. Qxd3 Nd7 11. 0-0 0-0 12. Rab1 Nc8 13. Rfc1 Nd6 14. Na4 Qa5 15. Nc5 Nxc5 16. dxc5 Ne4 17. Qc2 Rac8 18. b4 Qc7 19. Nd4 g6 20. a4 f5 21. Ne6 Qe7 22. Nxf8 Rxf8 23. b5 axb5 24. axb5 Rc8 25. b6 Ra8 26. f3 Nf6 27. Qc3 Re8 28. Rb3 Nd7 29. Qd4 Ra8 30. Rbc3 Ra5 31. Qb4 Rb5 32. Qa4 Nxc5 33. Qa3 Rxb6 34. Qxc5 Qd8 35. Ra3 Rb5 36. Qc3 h5 37. Rca1 Qb6 38. Ra8+ Kf7 39. Rh8 Rb3 40. Rh7+ Ke6 41. Qd4 c5 42. Qg7 Rb1+ 43. Kf2 Rb2+ 44. Kg3 Qd6+ 45. f4 d4 46. Qf7# 1-0

[Event "Wch U12 Girls blitz"]
[Site "Batumi"]
[Date "2023.06.11"]
[Round "11"]
[White "Altynbek, Aiaru"]
[Black "Skamaroshchanka, Daryia"]
[Result "1-0"]
[WhiteElo "1541"]
[BlackElo "1154"]
[PlyCount "79"]
[EventDate "2023.06.10"]
[EventType "swiss (blitz)"]
[EventRounds "11"]
[EventCountry "GEO"]
[SourceTitle "EXT 2024"]
[Source "ChessBase"]
[SourceDate "2023.10.10"]
[SourceVersion "1"]
[SourceVersionDate "2023.10.10"]
[SourceQuality "1"]
[WhiteTeam "Kazakhstan"]
[BlackTeam "FIDE"]
[WhiteTeamCountry "KAZ"]

1. d4 c5 2. d5 e5 3. c4 d6 4. Nc3 g6 5. Nf3 Bg7 6. g3 f5 7. e4 Ne7 8. Bg2 0-0 9. 0-0 h6 10. Re1 a6 11. a4 Nd7 12. a5 b6 13. axb6 Nxb6 14. Qe2 Kh7 15. Bd2 Bd7 16. Reb1 a5 17. b3 Bf6 18. Rb2 g5 19. Rba2 Nbc8 20. exf5 Bxf5 21. Ne4 Qb6 22. Bxa5 Qb7 23. Nfd2 Ng6 24. Qf3 Qd7 25. Nxf6+ Rxf6 26. Bh3 Nce7 27. Bxf5 Rxf5 28. Qg4 Raf8 29. Ne4 Ng8 30. Be1 Nf6 31. Nxf6+ R8xf6 32. Ra7 Qf7 33. Rxf7+ Rxf7 34. Ra7 Rxa7 35. Qxf5 Ra1 36. Qf7+ Kh8 37. Kf1 Nf4 38. gxf4 exf4 39. Qf6+ Kh7 40. Qxa1 1-0

[Event "Wch U12 Girls blitz"]
[Site "Batumi"]
[Date "2023.06.10"]
[Round "4"]
[White "Altynbek, Aiaru"]
[Black "Sakun, Darya"]
[Result "1-0"]
[WhiteElo "1541"]
[BlackElo "1211"]
[PlyCount "89"]
[EventDate "2023.06.10"]
[EventType "swiss (blitz)"]
[EventRounds "11"]
[EventCountry "GEO"]
[SourceTitle "EXT 2024"]
[Source "ChessBase"]
[SourceDate "2023.10.10"]
[SourceVersion "1"]
[SourceVersionDate "2023.10.10"]
[SourceQuality "1"]
[WhiteTeam "Kazakhstan"]
[BlackTeam "FIDE"]
[WhiteTeamCountry "KAZ"]

1. d4 Nf6 2. c4 e6 3. Nf3 b6 4. a3 Bb7 5. Nc3 d5 6. cxd5 Nxd5 7. Bd2 Be7 8. Qc2 0-0 9. e4 Nxc3 10. Bxc3 c5 11. Rd1 Qc7 12. d5 exd5 13. exd5 Re8 14. Be2 Bd6 15. 0-0 Nd7 16. Bd3 h6 17. h3 Rad8 18. Nh4 Be5 19. Rfe1 Bxc3 20. Qxc3 Bxd5 21. Nf5 Nf6 22. Bb5 Rxe1+ 23. Rxe1 Qf4 24. Ne7+ Kh8 25. Nxd5 Nxd5 26. Qd3 Qg5 27. Rd1 Qxg2+ 28. Kxg2 Nf4+ 29. Kf3 Nxd3 30. Rxd3 Re8 31. Bxe8 c4 32. Rd4 a6 33. Rxc4 b5 34. Rc8 Kh7 35. Bxf7 g5 36. Ke4 Kg7 37. Bd5 Kf6 38. Rc6+ Ke7 39. Rxa6 h5 40. Ke5 g4 41. Ra7+ Ke8 42. hxg4 hxg4 43. Ke6 Kd8 44. Kd6 Kc8 45. Ra8# 1-0

[Event "Wch U12 Girls rapid"]
[Site "Batumi"]
[Date "2023.06.08"]
[Round "9"]
[White "Altynbek, Aiaru"]
[Black "Venskaya, Nika"]
[Result "1-0"]
[WhiteElo "1557"]
[BlackElo "1603"]
[PlyCount "119"]
[EventDate "2023.06.06"]
[EventType "swiss (rapid)"]
[EventRounds "11"]
[EventCountry "GEO"]
[SourceTitle "EXT 2024"]
[Source "ChessBase"]
[SourceDate "2023.10.10"]
[SourceVersion "1"]
[SourceVersionDate "2023.10.10"]
[SourceQuality "1"]
[WhiteTeam "Kazakhstan"]
[BlackTeam "FIDE"]
[WhiteTeamCountry "KAZ"]

1. d4 Nf6 2. c4 g6 3. Nc3 Bg7 4. e4 d6 5. f3 c6 6. Be3 Qc7 7. Qd2 h5 8. Bd3 Nbd7 9. Nge2 Nf8 10. 0-0-0 Bd7 11. Rhe1 0-0-0 12. Kb1 Ne8 13. Bc2 Kb8 14. Nc1 Qc8 15. Nb3 Nc7 16. c5 dxc5 17. Nxc5 Nfe6 18. Nb3 Rhe8 19. Qf2 b6 20. Rd2 Qb7 21. Red1 Rc8 22. d5 Nf8 23. Bf4 Ka8 24. d6 exd6 25. Rxd6 Nce6 26. Bg3 g5 27. h3 Nf4 28. Bxf4 gxf4 29. Qd2 Rc7 30. Ne2 Bc8 31. Nxf4 Be5 32. Rd3 Ng6 33. Nxh5 a5 34. Nd4 Rh8 35. g4 Nh4 36. Nf5 Nxf5 37. exf5 Ka7 38. f4 Bxf5 39. gxf5 Rxh5 40. fxe5 Rxf5 41. Re3 Rh5 42. a3 Rh8 43. Qd6 Rhc8 44. Bf5 Rh8 45. Qxc7 Qxc7 46. Rd7 Kb8 47. Rxc7 Kxc7 48. Kc2 Rh5 49. Bg4 Rh6 50. Rf3 Rh7 51. Rf6 c5 52. Rd6 Rg7 53. Kd3 Kb7 54. Ke4 Rh7 55. Kf5 Ka6 56. a4 Kb7 57. Rd7+ Kc6 58. Re7 Kd5 59. Rb7 Kc6 60. Bf3# 1-0

[Event "Wch U12 Girls rapid"]
[Site "Batumi"]
[Date "2023.06.07"]
[Round "7"]
[White "Altynbek, Aiaru"]
[Black "Beber, Anja"]
[Result "1-0"]
[WhiteElo "1557"]
[BlackElo "1655"]
[PlyCount "23"]
[EventDate "2023.06.06"]
[EventType "swiss (rapid)"]
[EventRounds "11"]
[EventCountry "GEO"]
[SourceTitle "EXT 2024"]
[Source "ChessBase"]
[SourceDate "2023.10.10"]
[SourceVersion "1"]
[SourceVersionDate "2023.10.10"]
[SourceQuality "1"]
[WhiteTeam "Kazakhstan"]
[BlackTeam "Slovenia"]
[WhiteTeamCountry "KAZ"]
[BlackTeamCountry "SLO"]

1. d4 e6 2. c4 f5 3. Nf3 Nf6 4. g3 d5 5. Bg2 Bd6 6. 0-0 0-0 7. Nc3 Nbd7 8. Ng5 Re8 9. cxd5 exd5 10. Nxd5 c6 11. Nxf6+ Nxf6 12. Qb3+ 1-0

[Event "Wch U12 Girls rapid"]
[Site "Batumi"]
[Date "2023.06.06"]
[Round "2"]
[White "Skamaroshchanka, Daryia"]
[Black "Altynbek, Aiaru"]
[Result "0-1"]
[WhiteElo "1256"]
[BlackElo "1557"]
[PlyCount "64"]
[EventDate "2023.06.06"]
[EventType "swiss (rapid)"]
[EventRounds "11"]
[EventCountry "GEO"]
[SourceTitle "EXT 2024"]
[Source "ChessBase"]
[SourceDate "2023.10.10"]
[SourceVersion "1"]
[SourceVersionDate "2023.10.10"]
[SourceQuality "1"]
[WhiteTeam "FIDE"]
[BlackTeam "Kazakhstan"]
[BlackTeamCountry "KAZ"]

1. d4 d5 2. Bf4 c5 3. c3 Nc6 4. e3 Nf6 5. Bd3 e6 6. Nf3 c4 7. Bc2 Be7 8. Nbd2 Nh5 9. Be5 Nxe5 10. Nxe5 Nf6 11. Ba4+ Bd7 12. Bxd7+ Nxd7 13. Qa4 a6 14. Nxd7 Qxd7 15. Qxd7+ Kxd7 16. 0-0-0 b5 17. e4 b4 18. exd5 exd5 19. Nf3 f6 20. Kc2 Rab8 21. Nh4 g6 22. g3 Rb5 23. Rb1 Rc8 24. Ng2 a5 25. Rhe1 a4 26. Nf4 b3+ 27. Kc1 a3 28. bxa3 bxa2 29. Ra1 Bxa3+ 30. Kd2 Rb2+ 31. Kc1 Rcb8 32. Nxd5 Rxf2+ 0-1

[Event "Kazakhstan Cup"]
[Site "Astana"]
[Date "2023.04.23"]
[Round "1"]
[White "Altynbek, Aiaru"]
[Black "Ter Sahakyan, Samvel"]
[Result "0-1"]
[WhiteElo "1639"]
[BlackElo "2613"]
[PlyCount "96"]
[EventDate "2023.04.23"]
[EventType "swiss"]
[EventRounds "9"]
[EventCountry "KAZ"]
[SourceTitle "CBM 213 Extra"]
[Source "ChessBase"]
[SourceDate "2023.05.31"]
[SourceVersion "1"]
[SourceVersionDate "2023.05.31"]
[SourceQuality "1"]

1. d4 Nf6 2. c4 g6 3. Nc3 Bg7 4. e4 0-0 5. f3 c5 6. Nge2 Nc6 7. Be3 d6 8. d5 Ne5 9. Ng3 e6 10. Be2 exd5 11. cxd5 a6 12. a4 Nh5 13. Nxh5 gxh5 14. Qd2 f5 15. 0-0 fxe4 16. Nxe4 Bf5 17. Ng3 Qe8 18. Bh6 Bxh6 19. Qxh6 Bg6 20. Ne4 Bxe4 21. fxe4 Qg6 22. Qe3 h4 23. Rae1 Rae8 24. Kh1 Kg7 25. a5 Qh6 26. Qb3 Re7 27. Rxf8 Kxf8 28. Qb6 Kg7 29. Rf1 Rd7 30. Qb3 Qd2 31. Bd1 Rf7 32. Rxf7+ Kxf7 33. Bh5+ Kf6 34. h3 Kg5 35. Bg4 Kf4 36. Kh2 Qb4 37. Qc2 Qxe4 38. Qc1+ Qe3 39. Qf1+ Ke4 40. Bf5+ Kd4 41. Qd1+ Nd3 42. Qa4+ c4 43. Qd7 Qg3+ 44. Kg1 Nf4 45. Be4 Qe1+ 46. Kh2 Qxe4 47. Qg7+ Kd3 48. Qc3+ Ke2 0-1

[Event "Wch U12 Girls"]
[Site "Batumi"]
[Date "2022.09.26"]
[Round "10"]
[White "Altynbek, Aiaru"]
[Black "Kalandadze, Mariam"]
[Result "1/2-1/2"]
[WhiteElo "1373"]
[BlackElo "1452"]
[PlyCount "95"]
[EventDate "2022.09.16"]
[EventType "swiss"]
[EventRounds "11"]
[EventCountry "GEO"]
[SourceTitle "EXT 2023"]
[Source "ChessBase"]
[SourceDate "2022.10.05"]
[SourceVersion "1"]
[SourceVersionDate "2022.10.05"]
[SourceQuality "1"]

1. e4 c5 2. Nf3 d6 3. Bb5+ Nd7 4. d4 cxd4 5. Qxd4 a6 6. Ba4 e5 7. Qd3 b5 8. Bb3 Nc5 9. Qe2 Nf6 10. Bg5 Qa5+ 11. Bd2 Qc7 12. Nc3 Bb7 13. Nd5 Bxd5 14. Bxd5 Nxd5 15. exd5 Be7 16. 0-0 0-0 17. c4 Qb7 18. Be3 Nd7 19. b3 f5 20. Bg5 Nf6 21. c5 e4 22. c6 Qa7 23. c7 Nxd5 24. Qd2 Qb7 25. Bxe7 Nxe7 26. Nd4 Rf6 27. Rac1 Rc8 28. a4 bxa4 29. bxa4 Rxc7 30. Rb1 Qd5 31. Rfd1 Rb7 32. Rbc1 Rf8 33. Qe2 Qa5 34. Qa2+ d5 35. Qa3 Qb4 36. Qxb4 Rxb4 37. Rc7 Re8 38. a5 Ra4 39. h3 Rxa5 40. Rxe7 Rxe7 41. Nc6 Rd7 42. Nxa5 d4 43. Kf1 d3 44. Ke1 Rd5 45. Nb3 Rb5 46. Nd4 Rd5 47. Nb3 Rb5 48. Nd4 1/2-1/2

[Event "Wch U12 Girls"]
[Site "Batumi"]
[Date "2022.09.23"]
[Round "7"]
[White "Saparya, Ghosh"]
[Black "Altynbek, Aiaru"]
[Result "1-0"]
[WhiteElo "1563"]
[BlackElo "1373"]
[PlyCount "67"]
[EventDate "2022.09.16"]
[EventType "swiss"]
[EventRounds "11"]
[EventCountry "GEO"]
[SourceTitle "EXT 2023"]
[Source "ChessBase"]
[SourceDate "2022.10.05"]
[SourceVersion "1"]
[SourceVersionDate "2022.10.05"]
[SourceQuality "1"]

1. d4 d5 2. Bf4 Nf6 3. e3 c6 4. Nc3 Bf5 5. f3 h5 6. Bd3 e6 7. Bxf5 exf5 8. Qd3 g6 9. Nh3 Nbd7 10. 0-0 Bg7 11. e4 dxe4 12. fxe4 fxe4 13. Nxe4 Nxe4 14. Qxe4+ Qe7 15. Rae1 Qxe4 16. Rxe4+ Kd8 17. Ng5 f5 18. Re2 Kc8 19. Nf7 Bxd4+ 20. Kh1 b5 21. Nxh8 Bxh8 22. Re8+ Kb7 23. Re7 Rd8 24. Rd1 Kc8 25. Bg5 Bxb2 26. Rf7 Re8 27. Rfxd7 Re2 28. R7d2 Re4 29. h3 Be5 30. Rd7 Bc7 31. Bd8 Bg3 32. Rxa7 f4 33. Re7 Rc4 34. Bb6 1-0

[Event "KAZ-ch U12 Girls"]
[Site "Ak Bulak"]
[Date "2022.03.22"]
[Round "4"]
[White "Altynbek, Aiaru"]
[Black "Zarkym, Ailin"]
[Result "1-0"]
[WhiteElo "1406"]
[BlackElo "1441"]
[PlyCount "53"]
[EventDate "2022.03.20"]
[EventType "swiss"]
[EventRounds "9"]
[EventCountry "KAZ"]
[SourceTitle "EXT 2023"]
[Source "ChessBase"]
[SourceDate "2022.10.05"]
[SourceVersion "1"]
[SourceVersionDate "2022.10.05"]
[SourceQuality "1"]

1. d4 Nf6 2. c4 g6 3. Nc3 d5 4. cxd5 Nxd5 5. e4 Nxc3 6. bxc3 Bg7 7. Nf3 c5 8. Be3 0-0 9. Qd2 Nc6 10. d5 Qa5 11. Rc1 Ne5 12. Nxe5 Bxe5 13. f4 Bg7 14. c4 Qa3 15. e5 Bf5 16. Rc3 Qa5 17. Rb3 Qc7 18. Bd3 Bd7 19. 0-0 Rad8 20. Qf2 b6 21. Re1 Qc8 22. Be4 Qc7 23. Qe2 Qc8 24. Bf2 f6 25. e6 Be8 26. f5 g5 27. Bg3 1-0